MARC details
| 000 -LEADER |
| fixed length control field |
00846nam a22002895a 4500 |
| 001 - CONTROL NUMBER |
| control field |
002714 |
| 003 - CONTROL NUMBER IDENTIFIER |
| control field |
armpunfd |
| 005 - DATE AND TIME OF LATEST TRANSACTION |
| control field |
20140612090713.0 |
| 008 - FIXED-LENGTH DATA ELEMENTS--GENERAL INFORMATION |
| fixed length control field |
131111s1998####xx############000#0#und#d |
| 020 ## - INTERNATIONAL STANDARD BOOK NUMBER |
| International Standard Book Number |
9879672240 |
| 040 ## - CATALOGING SOURCE |
| Original cataloging agency |
armpunfd |
| Transcribing agency |
armpunfd |
| 080 ## - UNIVERSAL DECIMAL CLASSIFICATION NUMBER |
| Universal Decimal Classification number |
341.22/225 H 761 |
| 245 10 - TITLE STATEMENT |
| Title |
Los nuevos temas de la aldea global / |
| Statement of responsibility, etc |
Hooft Eduardo ; Farinella Favio. |
| 260 ## - PUBLICATION, DISTRIBUTION, ETC. (IMPRINT) |
| Place of publication, distribution, etc |
Mar del Plata : |
| Name of publisher, distributor, etc |
Club del Libro, |
| Date of publication, distribution, etc |
1998. |
| 300 ## - PHYSICAL DESCRIPTION |
| Extent |
213 p. |
| 650 #7 - SUBJECT ADDED ENTRY--TOPICAL TERM |
| Topical term or geographic name as entry element |
Antartida |
| Source of heading or term |
LEMB |
| 650 #7 - SUBJECT ADDED ENTRY--TOPICAL TERM |
| Topical term or geographic name as entry element |
Derecho del Mar |
| Source of heading or term |
LEMB |
| 650 #7 - SUBJECT ADDED ENTRY--TOPICAL TERM |
| Topical term or geographic name as entry element |
Derecho Internacinal Publico |
| Source of heading or term |
LEMB |
| 650 #7 - SUBJECT ADDED ENTRY--TOPICAL TERM |
| Topical term or geographic name as entry element |
Derecho Internacional Humanitario |
| Source of heading or term |
LEMB |
| 650 #7 - SUBJECT ADDED ENTRY--TOPICAL TERM |
| Topical term or geographic name as entry element |
Hielos Continentales |
| Source of heading or term |
LEMB |
| 650 #7 - SUBJECT ADDED ENTRY--TOPICAL TERM |
| Topical term or geographic name as entry element |
Integracion |
| Source of heading or term |
LEMB |
| 650 #7 - SUBJECT ADDED ENTRY--TOPICAL TERM |
| Topical term or geographic name as entry element |
Islas Malvinas |
| Source of heading or term |
LEMB |
| 650 #7 - SUBJECT ADDED ENTRY--TOPICAL TERM |
| Topical term or geographic name as entry element |
Mercosur |
| Source of heading or term |
LEMB |
| 650 #7 - SUBJECT ADDED ENTRY--TOPICAL TERM |
| Topical term or geographic name as entry element |
Onu |
| Source of heading or term |
LEMB |
| 942 ## - ADDED ENTRY ELEMENTS (KOHA) |
| Koha item type |
|
| Source of classification or shelving scheme |
|
| 945 ## - LOCAL PROCESSING INFORMATION (OCLC) |
| a |
CELESTE |
| d |
2013-11-11 |